000 00596nam a2200229Ia 4500
003 OSt
005 20220928115700.0
006 a|||||r|||| 00| 0
007 ta
008 220927b |||||||| |||| 00| 0 eng d
024 _a41243
037 _cTextual
040 _aSDCL
_cSDCL
_beng
041 _2eng
_aeng
082 _aS1:6, L0
100 _aPiaget Jean
245 0 _aChild's conception of movements and speed.
260 _aLondon
_bRoutledge and Kegan Paul
_c1970
300 _axi,306p.
_ccm.
942 _hS1:6, L0
_cTEXL
_2CC
999 _c760446
_d760446